01265nam a2200313Ia 4500001001200000003000800012006001900020007001500039008004100054010001700095020004300112020002700155040002100182035002100203050002700224100002400251245010100275260003300376300001100409490005700420504005100477533015200528630006500680650001700745655002900762710001700791856012600808999001700934ebr10634624CaPaEBRm u cr cn|||||||||120806s2013 nyu sb 001 0 eng d z 2012027779 z9781433120831 (hardcover : alk. paper) z9781453909454 (e-book) aCaPaEBRcCaPaEBR a(OCoLC)82289413814aBS1245.52b.C44 2013eb1 aChen, Kevin,d1979-10aEschatological sanctuary in Exodus 15:17 and related textsh[electronic resource] /cKevin Chen. aNew York :bP. Lang,cc2013. a158 p.0 aStudies in biblical literature,x1089-0645 ;vv. 154 aIncludes bibliographical references and index. aElectronic reproduction.bPalo Alto, Calif. :cebrary,d2013.nAvailable via World Wide Web.nAccess may be limited to ebrary affiliated libraries.00aBible.pO.T.pExodus XV, 17xCriticism, interpretation, etc. 0aEschatology. 7aElectronic books.2local2 aebrary, Inc.40uhttp://site.ebrary.com/lib/rucke/Doc?id=10634624zAn electronic book accessible through the World Wide Web; click to view c47890d47890